[Event "Mittelrhein Verbandsliga-N 17/18"]
[Site "Nordrheinwestfalen"]
[Date "2018.04.15"]
[Round "10.1"]
[White "Erdmann, Kristian"]
[Black "Kocur, Alois"]
[Result "0-1"]
[WhiteElo "2000"]
[BlackElo "2158"]
[PlyCount "54"]
[EventDate "2017.09.10"]
[EventType "team-swiss"]
[EventRounds "11"]
[EventCountry "GER"]
[SourceTitle "EXT 2022"]
[Source "ChessBase"]
[SourceDate "2021.10.06"]
[SourceVersion "1"]
[SourceVersionDate "2021.10.06"]
[SourceQuality "1"]
[WhiteTeam "Leverkusen Koenigsspringer"]
[BlackTeam "Hitdorf SV Springer"]
[WhiteTeamCountry "GER"]
[BlackTeamCountry "GER"]

1. e4 e5 2. Nf3 Nc6 3. Bc4 Nf6 4. Nc3 Nxe4 5. Nxe4 d5 6. Bd3 dxe4 7. Bxe4 Bd6 8. c3 0-0 9. d3 Bg4 10. Qa4 f5 11. Bd5+ Kh8 12. 0-0 Qf6 13. Ng5 h6 14. h3 Be2 15. Re1 Bxd3 16. Qd1 e4 17. Ne6 Rfe8 18. Nf4 Ba6 19. Nh5 Qh4 20. Bf7 Rf8 21. Qd5 Ne5 22. Nf4 Nf3+ 23. gxf3 Bxf4 24. Bxf4 Qxf4 25. Re3 Rad8 26. Qb3 exf3 27. Bd5 Qg5+ 0-1

[Event "Mittelrhein Verbandsliga-N 17/18"]
[Site "Nordrheinwestfalen"]
[Date "2018.03.18"]
[Round "9.1"]
[White "Stoltefuss, Rolf"]
[Black "Erdmann, Kristian"]
[Result "1/2-1/2"]
[WhiteElo "1849"]
[BlackElo "2000"]
[PlyCount "49"]
[EventDate "2017.09.10"]
[EventType "team-swiss"]
[EventRounds "11"]
[EventCountry "GER"]
[SourceTitle "EXT 2022"]
[Source "ChessBase"]
[SourceDate "2021.10.06"]
[SourceVersion "1"]
[SourceVersionDate "2021.10.06"]
[SourceQuality "1"]
[WhiteTeam "Rheinpark BSG"]
[BlackTeam "Leverkusen Koenigsspringer"]
[WhiteTeamCountry "GER"]
[BlackTeamCountry "GER"]

1. e4 e5 2. f4 exf4 3. Nf3 g5 4. h4 g4 5. Ne5 h5 6. Bc4 Nh6 7. d4 d6 8. Nd3 f3 9. gxf3 Be7 10. Bf4 Bxh4+ 11. Kd2 Nc6 12. c3 Qe7 13. Na3 a6 14. Nc2 gxf3 15. Qxf3 Bg4 16. Qe3 Na5 17. Bd5 c6 18. Bb3 0-0-0 19. Bxh6 Rxh6 20. Rxh4 Nxb3+ 21. axb3 Re6 22. Rah1 Rxe4 23. Qh6 Re6 24. Qf4 Re4 25. Qh6 1/2-1/2

[Event "Mittelrhein Verbandsliga-N 17/18"]
[Site "Nordrheinwestfalen"]
[Date "2018.01.14"]
[Round "6.1"]
[White "Erdmann, Kristian"]
[Black "Bosbach, Stefan"]
[Result "1/2-1/2"]
[WhiteElo "2000"]
[BlackElo "2087"]
[PlyCount "65"]
[EventDate "2017.09.10"]
[EventType "team-swiss"]
[EventRounds "11"]
[EventCountry "GER"]
[SourceTitle "EXT 2022"]
[Source "ChessBase"]
[SourceDate "2021.10.06"]
[SourceVersion "1"]
[SourceVersionDate "2021.10.06"]
[SourceQuality "1"]
[WhiteTeam "Leverkusen Koenigsspringer"]
[BlackTeam "Bergische SF"]
[WhiteTeamCountry "GER"]
[BlackTeamCountry "GER"]

1. e4 c5 2. b4 b6 3. c4 Bb7 4. bxc5 bxc5 5. Nc3 Nc6 6. Nf3 e6 7. Rb1 Rb8 8. d3 Ba8 9. Bf4 Rxb1 10. Qxb1 d6 11. Be2 Be7 12. 0-0 Nf6 13. Rd1 0-0 14. Rd2 Qa5 15. Nd1 Rb8 16. Rb2 Rxb2 17. Qxb2 Qb6 18. Qxb6 axb6 19. Nc3 h6 20. e5 dxe5 21. Nxe5 Nxe5 22. Bxe5 Bd8 23. f4 Nd7 24. Bd6 f5 25. Kf2 g5 26. Bf3 Bxf3 27. Kxf3 Kf7 28. Nb5 Kf6 29. g3 e5 30. fxg5+ hxg5 31. g4 f4 32. Ke4 Ke6 33. h3 1/2-1/2

[Event "Leverkusen Bayer op 9th"]
[Site "Leverkusen"]
[Date "2011.04.11"]
[Round "7"]
[White "Wegener, Marcus"]
[Black "Erdmann, Kristian"]
[Result "1/2-1/2"]
[WhiteElo "2025"]
[BlackElo "1764"]
[PlyCount "74"]
[EventDate "2011.01.10"]
[EventType "swiss"]
[EventRounds "7"]
[EventCountry "GER"]
[SourceTitle "EXT 2012"]
[Source "ChessBase"]
[SourceDate "2011.11.24"]
[SourceVersion "1"]
[SourceVersionDate "2011.11.24"]
[SourceQuality "1"]

1. e4 e5 2. Nf3 Nc6 3. Bb5 a6 4. Ba4 Nf6 5. 0-0 Be7 6. Re1 b5 7. Bb3 d6 8. h3 Na5 9. d3 0-0 10. Nbd2 c5 11. Nf1 Be6 12. Bxe6 fxe6 13. Ng3 Qe8 14. Ng5 Bd8 15. c3 h6 16. Nf3 Nh5 17. Nxh5 Qxh5 18. Be3 Nc6 19. Nh2 Qxd1 20. Raxd1 Rb8 21. Nf3 Ba5 22. Re2 b4 23. c4 Bb6 24. Nd2 Kh7 25. g3 g5 26. Rf1 Rb7 27. f3 Bd8 28. Ref2 Rg7 29. Kh2 Rgf7 30. Kg2 Rg7 31. Ra1 a5 32. b3 Rgf7 33. Kf1 Kg7 34. Ke2 Kh7 35. Raf1 Be7 36. Ra1 Bd8 37. Kf1 Be7 1/2-1/2

[Event "Leverkusen Bayer op 9th"]
[Site "Leverkusen"]
[Date "2011.02.21"]
[Round "4"]
[White "Erdmann, Kristian"]
[Black "Raabe, Joachim"]
[Result "1-0"]
[WhiteElo "1764"]
[BlackElo "1998"]
[PlyCount "99"]
[EventDate "2011.01.10"]
[EventType "swiss"]
[EventRounds "7"]
[EventCountry "GER"]
[SourceTitle "EXT 2012"]
[Source "ChessBase"]
[SourceDate "2011.11.24"]
[SourceVersion "1"]
[SourceVersionDate "2011.11.24"]
[SourceQuality "1"]

1. e4 c5 2. Nf3 d6 3. c3 Nc6 4. d4 Nf6 5. d5 Ne5 6. Nxe5 dxe5 7. Nd2 Bd7 8. Bd3 g6 9. 0-0 Bg7 10. c4 0-0 11. Re1 Qc7 12. b3 a6 13. a4 b6 14. Bb2 Nh5 15. g3 Nf6 16. Bf1 Ne8 17. Bg2 Nd6 18. Qe2 Rab8 19. Bc3 Qc8 20. Nf1 f6 21. Ra2 Rb7 22. Bd2 Nf7 23. Be3 h5 24. h4 Nd6 25. Nd2 Rf7 26. f4 Bg4 27. Bf3 f5 28. Bxg4 hxg4 29. fxe5 Bxe5 30. Bf4 Bxf4 31. gxf4 fxe4 32. Nxe4 Rxf4 33. Nxd6 exd6 34. Qe6+ Qxe6 35. Rxe6 Kf7 36. Rxd6 Rf6 37. Rf2 Rxf2 38. Kxf2 b5 39. axb5 axb5 40. Rc6 bxc4 41. bxc4 Rb3 42. Rxc5 Rh3 43. d6 Ke6 44. Rg5 Rxh4 45. Rxg6+ Kf5 46. Rg8 g3+ 47. Kxg3 Rxc4 48. d7 Rc3+ 49. Kf2 Rc2+ 50. Ke3 1-0

[Event "Leverkusen-ch op"]
[Site "Leverkusen"]
[Date "2008.04.14"]
[Round "7"]
[White "Ziabari, Morteza"]
[Black "Erdmann, Kristian"]
[Result "1-0"]
[WhiteElo "1807"]
[BlackElo "1741"]
[PlyCount "79"]
[EventDate "2008.01.14"]
[EventType "swiss"]
[EventRounds "7"]
[EventCountry "GER"]
[SourceTitle "EXT 2010"]
[Source "ChessBase"]
[SourceDate "2010.11.25"]
[SourceVersion "1"]
[SourceVersionDate "2010.11.25"]
[SourceQuality "1"]

1. e4 e5 2. f4 exf4 3. Bc4 Qh4+ 4. Kf1 d6 5. Nf3 Qh6 6. d4 Be6 7. d5 Bg4 8. Nc3 Nf6 9. Qd3 Nh5 10. Ne2 Nd7 11. Bb5 a6 12. h3 Bxf3 13. Bxd7+ Kxd7 14. Qxf3 g5 15. Qg4+ Kd8 16. h4 Nf6 17. Qf5 Qg6 18. hxg5 Nxe4 19. Qxf4 Bg7 20. g4 f6 21. gxf6 Qxf6 22. Kg2 Qg6 23. Qf5 Rf8 24. Qxg6 Rf2+ 25. Kg1 hxg6 26. Nf4 Ke7 27. Rh7 Kf6 28. Be3 Rf3 29. Bd4+ Kg5 30. Ne6+ Kxg4 31. Rxg7 Rg3+ 32. Kf1 Rf3+ 33. Ke1 g5 34. Rd1 Rh8 35. Rxg5+ Nxg5 36. Bxh8 Ne4 37. Rd4 Re3+ 38. Kd1 Kg3 39. Rd3 Nf2+ 40. Kd2 1-0

[Event "Leverkusen-ch op"]
[Site "Leverkusen"]
[Date "2008.03.10"]
[Round "5"]
[White "Reiter, Ute"]
[Black "Erdmann, Kristian"]
[Result "0-1"]
[WhiteElo "1119"]
[BlackElo "1741"]
[PlyCount "48"]
[EventDate "2008.01.14"]
[EventType "swiss"]
[EventRounds "7"]
[EventCountry "GER"]
[SourceTitle "EXT 2010"]
[Source "ChessBase"]
[SourceDate "2010.11.25"]
[SourceVersion "1"]
[SourceVersionDate "2010.11.25"]
[SourceQuality "1"]

1. e4 e5 2. Nf3 Nc6 3. Bc4 Bc5 4. Nc3 Nf6 5. Ng5 0-0 6. d3 h6 7. Nf3 d6 8. h3 Be6 9. a3 Bxc4 10. dxc4 a5 11. Bd2 Nd4 12. Nd5 Nxe4 13. Ne3 f5 14. c3 Ne6 15. g3 f4 16. gxf4 exf4 17. b4 fxe3 18. Bxe3 Bxe3 19. fxe3 Nxc3 20. Qd2 Rxf3 21. Qxc3 Qh4+ 22. Kd2 Qf2+ 23. Kd1 Rxe3 24. Re1 Rxc3 0-1

[Event "Leverkusen-ch op"]
[Site "Leverkusen"]
[Date "2007.03.26"]
[Round "7"]
[White "Erdmann, Kristian"]
[Black "Schipp, Cyrill"]
[Result "0-1"]
[WhiteElo "1557"]
[BlackElo "1820"]
[PlyCount "69"]
[EventDate "2007.01.08"]
[EventType "swiss"]
[EventRounds "7"]
[EventCountry "GER"]
[SourceTitle "EXT 2008"]
[Source "ChessBase"]
[SourceDate "2007.11.25"]
[SourceVersion "1"]
[SourceVersionDate "2007.11.25"]
[SourceQuality "1"]

1. e4 c5 2. Nf3 e6 3. d4 cxd4 4. Nxd4 a6 5. Bd3 Qb6 6. Nb3 Qc7 7. 0-0 Nf6 8. Nc3 Be7 9. Be3 d6 10. Qe2 Nbd7 11. f4 b6 12. h3 Bb7 13. Qf2 Nc5 14. Bxc5 dxc5 15. Qe2 b5 16. e5 c4 17. exf6 cxd3 18. fxg7 Rg8 19. cxd3 Rxg7 20. Rf2 Bh4 21. Rf3 Ke7 22. Ne4 Rag8 23. g4 f5 24. Nec5 Qb6 25. Re3 Bd5 26. Nd4 Rxg4+ 27. hxg4 Rxg4+ 28. Qxg4 fxg4 29. Ndxe6 Kf7 30. d4 Qa5 31. Ng5+ Bxg5 32. fxg5 Qd2 33. Rf1+ Kg6 34. Rf6+ Kxg5 35. Ne6+ 0-1

[Event "Leverkusen-ch op"]
[Site "Leverkusen"]
[Date "2007.02.12"]
[Round "4"]
[White "Erdmann, Kristian"]
[Black "Liebsch, Conrad"]
[Result "1-0"]
[WhiteElo "1557"]
[BlackElo "1203"]
[PlyCount "31"]
[EventDate "2007.01.08"]
[EventType "swiss"]
[EventRounds "7"]
[EventCountry "GER"]
[SourceTitle "EXT 2008"]
[Source "ChessBase"]
[SourceDate "2007.11.25"]
[SourceVersion "1"]
[SourceVersionDate "2007.11.25"]
[SourceQuality "1"]

1. e4 e5 2. Nf3 Nc6 3. Bc4 Nf6 4. Ng5 d5 5. exd5 Nxd5 6. Nxf7 Kxf7 7. Qf3+ Ke6 8. Nc3 Nce7 9. d3 h6 10. Qe4 g5 11. Nxd5 Nxd5 12. Qg6+ Ke7 13. Bxg5+ hxg5 14. Qxg5+ Nf6 15. Qxe5+ Kd7 16. Qe6# 1-0

[Event "Leverkusen-ch op"]
[Site "Leverkusen"]
[Date "2005.04.04"]
[Round "8"]
[White "Friedsam, Manfred"]
[Black "Erdmann, Kristian"]
[Result "1-0"]
[WhiteElo "1800"]
[BlackElo "1244"]
[PlyCount "61"]
[EventDate "2005.01.10"]
[EventType "swiss"]
[EventRounds "9"]
[EventCountry "GER"]
[SourceTitle "EXT 2006"]
[Source "ChessBase"]
[SourceDate "2005.11.24"]
[SourceVersion "1"]
[SourceVersionDate "2005.11.24"]
[SourceQuality "1"]

1. e4 e5 2. Nf3 Nc6 3. d4 exd4 4. c3 dxc3 5. Nxc3 Bb4 6. Bc4 d6 7. Qb3 Qe7 8. 0-0 Bxc3 9. bxc3 h6 10. Ba3 Qf6 11. e5 dxe5 12. Rfe1 Nge7 13. Bxe7 Qxe7 14. Nxe5 Nxe5 15. Qb5+ c6 16. Qxe5 Qxe5 17. Rxe5+ Kf8 18. Rae1 Bg4 19. f3 Bd7 20. Bxf7 Kxf7 21. Re7+ Kg6 22. Rxd7 Rhe8 23. Rxe8 Rxe8 24. Rxb7 Re3 25. Rb3 Re2 26. a4 Ra2 27. Rb4 Kf5 28. Rc4 Kg5 29. h4+ Kh5 30. Kh2 Ra1 31. Kh3 1-0

[Event "Leverkusen-ch op"]
[Site "Leverkusen"]
[Date "2005.01.17"]
[Round "2"]
[White "Erdmann, Kristian"]
[Black "Selbach, Frank"]
[Result "1/2-1/2"]
[WhiteElo "1244"]
[BlackElo "1677"]
[PlyCount "81"]
[EventDate "2005.01.10"]
[EventType "swiss"]
[EventRounds "9"]
[EventCountry "GER"]
[SourceTitle "EXT 2006"]
[Source "ChessBase"]
[SourceDate "2005.11.24"]
[SourceVersion "1"]
[SourceVersionDate "2005.11.24"]
[SourceQuality "1"]

1. e4 c5 2. Bc4 Nc6 3. Nf3 e6 4. Nc3 a6 5. a4 Nf6 6. d3 Be7 7. Bf4 d6 8. h3 0-0 9. 0-0 d5 10. exd5 exd5 11. Bb3 h6 12. Re1 Bd6 13. Bxd6 Qxd6 14. Qd2 Be6 15. Ra3 Rad8 16. Rd1 Qc7 17. Ba2 Nb4 18. d4 c4 19. Ne2 a5 20. Rc1 Qe7 21. Re1 Ne4 22. Qc1 Qf6 23. Bb1 Bf5 24. Re3 Kh8 25. c3 Nd3 26. Bxd3 cxd3 27. Nf4 Qc6 28. Nxd3 Qxa4 29. Nh4 Bh7 30. Nf3 Qb5 31. Qd1 Nd6 32. Qe2 Nc4 33. Re7 Bxd3 34. Qxd3 Qxb2 35. Rb1 Qa3 36. Rbxb7 Nd6 37. Rbc7 Ra8 38. Ne5 Qc1+ 39. Kh2 Qf4+ 40. Kg1 a4 41. Qd1 1/2-1/2

[Event "Leverkusen-ch op"]
[Site "Leverkusen"]
[Date "2005.01.10"]
[Round "1"]
[White "Birnkott, Manfred"]
[Black "Erdmann, Kristian"]
[Result "1-0"]
[WhiteElo "1904"]
[BlackElo "1244"]
[PlyCount "89"]
[EventDate "2005.01.10"]
[EventType "swiss"]
[EventRounds "9"]
[EventCountry "GER"]
[SourceTitle "EXT 2006"]
[Source "ChessBase"]
[SourceDate "2005.11.24"]
[SourceVersion "1"]
[SourceVersionDate "2005.11.24"]
[SourceQuality "1"]

1. e4 e5 2. f4 exf4 3. Nf3 d6 4. d4 Bg4 5. Bxf4 Nf6 6. Nbd2 Be7 7. Bc4 0-0 8. 0-0 Nh5 9. Be3 Nc6 10. h3 Bxf3 11. Qxf3 Nf6 12. c3 Kh8 13. Rf2 h6 14. Raf1 a6 15. Qe2 d5 16. exd5 Nxd5 17. Bxh6 gxh6 18. Qh5 Bg5 19. Bxd5 Qxd5 20. h4 Kg8 21. hxg5 Qxg5 22. Qxg5+ hxg5 23. Rf5 f6 24. Ne4 Kg7 25. Nxf6 Kg6 26. g4 Rf7 27. Ne4 Rxf5 28. Rxf5 Re8 29. Rxg5+ Kh6 30. Rh5+ Kg6 31. Ng3 Rf8 32. Ne2 Rg8 33. Kg2 Ne7 34. Kg3 c6 35. Nf4+ Kf6 36. Kh4 Ng6+ 37. Nxg6 Rxg6 38. Rf5+ Ke7 39. g5 Rg8 40. Kh5 Rh8+ 41. Kg6 Ke6 42. Rf6+ Ke7 43. Kg7 Rh2 44. Rf7+ Ke8 45. Rxb7 1-0